000 00441nab a22001457 4500
003 ES-SlBCS
005 20210327224014.0
008 140318s2013 sp ||||| |||| 00| 0 spa d
040 _aES-SlBC
_bspa
041 _aspa
100 1 _aTommasi, Wanda
_991735
245 1 3 _aLa libertad del Espíritu: Etty Hillesum, una santidad nueva
_cWanda Tommasi
773 0 _gNúm. 351, 2013, págs. 127-138
_tConcilium
_wRev134
_x0210-1041
942 _2lcc
_cAR
999 _c452046
_d452046